Recherches sur L´imprimerie a Genéve de 1550 á 1564
| Main Author: | |
|---|---|
| Format: | Book |
| Language: | Undetermined |
| PhysicalDescription: | 254 s. |
| Published: |
Genéve
Slatkine Reprints
1978
|
| Edition: | 1. franc. vyd. |
MARC
| LEADER | 00000nam a2200000 a 4500 | ||
|---|---|---|---|
| 001 | vtls001464566 | ||
| 003 | SK-MaSNL | ||
| 005 | 20260301163338.0 | ||
| 008 | 240314s1978 xx 0 und | ||
| 035 | |a SNK000419871 | ||
| 040 | |a SNK |b slo |c SNK |e AACR2 | ||
| 100 | 1 | |a Chaix, Paul |4 aut |9 529193 | |
| 245 | 1 | 0 | |a Recherches sur L´imprimerie a Genéve |b de 1550 á 1564 |
| 250 | |a 1. franc. vyd. | ||
| 260 | |a Genéve |b Slatkine Reprints |c 1978 | ||
| 300 | |a 254 s. | ||
| 958 | |a OND | ||
| 999 | |c 816740 |d 818670 | ||
| 952 | |a SNK |b SNK |c SNK_STHKF |y PREZ |7 0 |p 17A0406932 |o snkIC 83932 |i snkZK 80/81 |8 4 |0 0 |1 0 |4 0 |d 2003-12-02 |l 0 |r 2005-01-02 00:00:00 |w 2026-02-24 | ||


